000 00374nam a2200157Ia 4500
008 180921t2015 xxu||||| |||| 00| 0 eng d
041 _aeng
080 _a8-31
_bWIC
100 _aWickremesekara, Channa
245 _aTracks
260 _bSamayawardana
_aColombo
_c2015
300 _a156p, 21cm
942 _cBK
999 _c10443
_d10443
003 LK-CoDNM
040 _aLK-CoDNM
_dLK-CoDNM
_eLK-CoDNM